000 00417nam a2200145Ia 4500
999 _c14587
_d14587
082 _aRN.0064
100 _aNandekar, V.G.
245 0 _aGreening democracy :
_b:In search of roots :The role of voluntary associations in local development
260 _c1995
_bICSSR, New Delhi
300 _a172p.
650 _aDEMOCRACY
650 _aBARODA CITIZENS COUNCIL
710 _aM.S.University of Baroda
942 _cRP
_2ddc